ბათუმის შოთა რუსთაველის სახელმწიფო უნივერსიტეტის ბიბლიოთეკა

მაღალი რიგის ჩვეულებრივი დიფერენციალური განტოლებები, ჩვეულებრივ დიფერენციალურ განტოლებათა სისტემები : ლექციების კონსპექტი / (ბიბ.ჩანაწერი № 38432)

000 -ლიდერი
ფიქსირებული სიგრძის საკონტროლო ველი 01529nam a2200265Ia 4500
001 - საკონტროლო ნომერი
საკონტროლო ველი 4443
003 - საკონტროლო ნომრის იდენტიფიკატორი
საკონტროლო ველი GE_BSU
005 - ბოლო ოპერაციის თარიღი და დრო
საკონტროლო ველი 20190524141850.0
008 - ფიქსირებული სიგრძის მონაცემთა ელემენტები - ზოგადი ინფორმაცია
ფიქსირებული სიგრძის საკონტროლო ველი 181216s1990||||ge |||||||||||||| ||geo||
040 ## - კატალოგიზაციის წყარო
Transcribing agency GE_BSU
041 ## - ენის კოდი
Language code of text/sound track or separate title geo
080 ## - უნივერსალური ათობითი კლასიფიკაციის ინდექსი
Universal Decimal Classification number 517.911/958(075.8) მ–40
245 ## - ცნობა სათაურის შესახებ
Title მაღალი რიგის ჩვეულებრივი დიფერენციალური განტოლებები, ჩვეულებრივ დიფერენციალურ განტოლებათა სისტემები : ლექციების კონსპექტი /
Statement of responsibility, etc რ.რუხაძე ; გ. გაფრინდაშვილი ; გ. ჯავახიშვილი ; ა. მამუჩაშვილი ; რედ : ც.არსენიძე
264 ## - წარმოების, გამოცემის, დისტრიბუციის და სხვა ცნობები
გამოცემის, წარმოების, დისტრიბუციის... ადგილი თბილისი :
გამოცემის, წარმოების, დისტრიბუციის... სახელწოდება სტუ,
გამოცემის, წარმოების, დისტრიბუციის... თარიღი 1990.
300 ## - ფიზიკური აღწერა
Extent 72 გვ .:
Dimensions 20 სმ.
653 ## - INDEX TERM--UNCONTROLLED
Uncontrolled term ლექციების კონსპექტი
653 ## - INDEX TERM--UNCONTROLLED
Uncontrolled term მაღალი რიგის ჩვეულებრივი დიფერენციალური განტლებები
653 ## - INDEX TERM--UNCONTROLLED
Uncontrolled term გეომეტრია
700 ## - ADDED ENTRY--PERSONAL NAME
Personal name რუხაძე, რ
9 (RLIN) 1553
700 ## - ADDED ENTRY--PERSONAL NAME
Personal name გაფრინდაშვილი, გ
9 (RLIN) 1554
700 ## - ADDED ENTRY--PERSONAL NAME
Personal name ჯავახიშვილი, გ
9 (RLIN) 1555
700 ## - ADDED ENTRY--PERSONAL NAME
Personal name მამუჩაშვილი, ა
9 (RLIN) 1556
700 ## - ADDED ENTRY--PERSONAL NAME
Personal name არსენიძე, ც
Relator term რედაქტორი
9 (RLIN) 1557
942 ## - ADDED ENTRY ELEMENTS (KOHA)
Koha item type წიგნი
Source of classification or shelving scheme
ეგზემპლარები
ჩამოწერის სტატუსი დაკარგული ეგზემპლარის სტატუსი კლასიფიკაციის წყარო ან თაროზე გაწყობის სქემა დაზიანების სტატუსი არ გაიცემა მუდმივი მდებარეობა (დაცვის ადგილი) ამჟამინდელი ადგილსამყოფელი თაროზე განთავსების ადგილი შეძენის თარიღი ღირებულება, შესყიდვის ნორმალური ფასი სრული შენახვის შიფრი შტრიხკოდი ბოლო ოპერაციის თარიღი ეგზემპლარის მიმდევრობითი ნომერი (კეტერი?) ფასის ძალაში შესვლის თარიღი ეგზემპლარის სახეობა საჯარო შენიშვნა
          ტექნოლოგიური ფაკულტეტის ბიბლიოთეკა ტექნოლოგიური ფაკულტეტის ბიბლიოთეკა წიგნსაცავი 2018-12-17 0.24 517.911/958(075.8) მ–40 9004 2018-12-17 9004 2018-12-17 წიგნი 0.24 თ.
          ტექნოლოგიური ფაკულტეტის ბიბლიოთეკა ტექნოლოგიური ფაკულტეტის ბიბლიოთეკა წიგნსაცავი 2018-12-17 0.24 517.911/958(075.8) მ–40 9005 2018-12-17 9005 2018-12-17 წიგნი 0.24 თ.
          ტექნოლოგიური ფაკულტეტის ბიბლიოთეკა ტექნოლოგიური ფაკულტეტის ბიბლიოთეკა წიგნსაცავი 2018-12-17 0.24 517.911/958(075.8) მ–40 9006 2018-12-17 9006 2018-12-17 წიგნი 0.24 თ.